00593nas a2200217 4500001001000000003000900010005001700019007000300036008003400039040005400073041000900127072000800136100002600144100001900170100001900189245005200208650001100260650001600271650001000287773007800297BR7603403BR-BrBNA20231205083009.0ta230509b bl.|||p| |||| 00| 00por d aBR-BrBNAbporcBiblioteca Nacional de Agricultura a(Pt) aL731 aPustiglione Netto, L.1 aSilva, G.D. da1 aBenedito, V.A.1 aEfeito do lorasol sobre o virus da febre aftosa aAFTOSA aERRADICACAO aVIRUS0 tAgroquimica (Brazil)xISSN 0100-6312g(1976), (no. 3) p. 22-26wBR7603403